000 02259cam a2200481 i 4500
003 PE-LiUPU
005 20250731172844.0
008 150313s2015 miu b 001 0 eng
020 _a0802847323
_q(cloth ;
_qalk. paper)
020 _a9780802847324
_q(cloth ;
_qalk. paper)
035 _a(Sirsi) i9780802847324
040 _aDLC
_bspa
_erda
_cDLC
_dYDX
_dBTCTA
_dYDXCP
_dBDX
_dOCLCF
_dILC
_dWIO
_dCDX
_dCNTCS
_dOCL
_dXII
_dS3O
_dOCLCQ
_dPE-LiUPU
082 0 0 _a232.963
_bR97
_223
100 1 _aRutledge, Fleming,
_eautor.
245 1 4 _aThe crucifixion :
_bUnderstanding the death of Jesus Christ /
_cFleming Rutledge.
264 1 _aGrand Rapids, Michigan :
_bWilliam B. Eerdmans Publishing Company,
_c2015.
300 _axxv, 669 páginas ;
_c24 centímetros.
336 _atext
_2rdacontent
337 _aunmediated
_2rdamedia
338 _avolume
_2rdacarrier
504 _aBibliografía : páginas 613-635.
504 _aÍndices : páginas 636-669.
505 0 0 _gIntroduction --
_gPart I, The Crucifixion:
_tThe primacy of the Cross --
_tThe godlessness of the Cross --
_tThe question of justice --
_tAnselm reconsidered for our time --
_tThe gravity of sin --
_gPart II, The Biblical motifs:
_tMotifs of the Crucifixion --
_tThe Passover and the Exodus --
_tThe blood sacrifice --
_tRansom and redemption --
_tThe Great Assize --
_tThe apocalyptic war: Christus Victor --
_tThe descent into hell --
_tThe substitution --
_gRecapitulation --
_gConclusion:
_tCondemned into redemption : the rectification of the ungodly.
526 _aSEG42
526 _aSEG41
526 _aSEG40
526 _aSEG39
526 _aP94
526 _aP87
526 _aP86
526 _aP85
526 _aP77
526 _aP76
526 _aP35
600 0 4 _aJesucristo
_xCrucifixion.
910 _jck
_bhop
_chop
_d20160526
942 _2ddc
_cBOOK
949 _a232.963 R97
_wDEWEY
_c1
_i73211
_lCCODEBUL1
_mBUL
_p45.00
_r0
_sY
_tBOOK
_u2016-5-26
_xTEOLOGIA
_PP85
_0COMPRA
_o.STAFF. Posgrado
994 _aC0
_bPEPRU
596 _a1
999 _a232.963 R97
_wDEWEY
_c9618
_i73211
_f2021-11-10
_g6
_lCCODEBUL1
_mBUL
_p45.00
_r0
_sY
_tBOOK
_u2016-5-26
_xTEOLOGIA
_PP85
_0COMPRA
_o.STAFF. Posgrado
_d9618
980 _81
_gALBERTO SANCHEZ Responsable de Automatización